000 01032cab a2200253 4500
001 ABS67960
008 040624n2004 000 0 eng u
035 _a(Sirsi) u126601
100 _aMcNeil, J.
245 4 _aThe new law of real burdens
260 _c2004
490 _aJournal of the Law Society of Scotland
_v49(6) June 2004, 56-57(2)
520 _aConcludes a series of six articles which look at the abolition of the feudal system in Scotland and its effect on land ownership. Looks at servitudes and pre-emption rights. Lists principal changes to the Abolition of Feudal Tenure etc (Scotland) Act 2000 contained in the Title Conditions (Scotland) Act 2003. (See also Abs67550, Abs67658 and Abs67864).
590 _aABS
650 _aSCOTLAND
650 _aABOLITION OF FEUDAL TENURE ETC (SCOTLAND) ACT 2000
650 _aTITLE CONDITIONS (SCOTLAND) ACT 2003
650 _aFEUDAL SYSTEM
650 _aREAL BURDENS
650 _aLAND OWNERSHIP
650 _aLAND TENURE
690 _aPROPERTY
942 _n0
999 _c74442
_d74442